000 00280nam a2200109Ia 4500
005 20251222152607.0
008 251222s9999||||xx |||||||||||||| ||spa||
082 _a985.009.3/G24
100 _aGarcilazo de la Vega, Inca
245 0 _aComentarios Reales de los Incas I
942 _cLIB
999 _c26834
_d26834